WYMIEŃ MARKI NAJPOPULARNIEJSZYCH NAPOJÓW W POLSCE: - Statystyki

Ogólne statystyki
  • Ten quiz został rozwiązany 1 101 razy
    943 od ostatniego zresetowania
  • Średni wynik to 6 z 7
Statystyki odpowiedzi
Odpowiedź % Poprawnych
COCA-COLA
95%
PEPSI
94%
FANTA
85%
SPRITE
82%
MIRINDA
76%
TYMBARK
61%
TYMBARK
61%
Nie znaleziono quizów pasujących do podanych kryteriów
Rozkład punktacji
Procent ludzi z każdym wynikiem
Percentyl według liczby udzielonych odpowiedzi
Twoja historia wyników
Nie rozwiązałeś tego quizu od ostatniego zresetowania